Печатные материалы о местной и земской реформе

Доступно только в Электронных читальных залах Найти на картеНа карте
RUSMARC
00003506nmc2a22002531x 450
001eaddd369-bd60-4209-9e58-51b17ddee5b3
00520131107014559.0
100##$a20130605l19071912k y0rusy50 ca
1010#$arus
102##$aRU
105##$aa z |||||
2001#$aПечатные материалы о местной и земской реформе
$j1907-1912
215##$a426 листов
$cтабл.
251##$cДело
300##$aЛисты 342, 343: вырезан текст
300##$aЧасть документов напечатана типографским способом, часть машинописная
324##$aДублеты
330##$aV. Материалы о местной и земской реформе
461#0$1001b6db1e6b-efcc-4108-961b-a8f75be6354f
$12001
$aПостоянный совет объединенных дворянских обществ
$1251
$cФонд
$1852
$j434
462#0$1001376737bd-14a2-4097-a3d5-a02b2aa0e2d3
$12001
$aПостоянный совет объединенных дворянских обществ. 1906-1917 гг.
$1251
$cОпись
$1852
$j1
60102$3RU\NLR\AUTH\8810165427
$aПостоянный совет объединенных дворянских обществ
$cПетербург
801#0$aRU
$bGA_RF
801#1$aRU
$bНПО Опыт
$c20130605
$2rusmarc
801#2$aRU
$bПБ им. Б.Н. Ельцина
$c20131107
$gRCR
$2rusmarc
852##$aГА РФ
$j147
937##$d40951424
$hПБ
035##$aRuPRLIB51007130
Формат отображения